Policarpo : (Record no. 161281)

MARC details
000 -LEADER
fixed length control field 00717nam a22001817a 4500
005 - DATE AND TIME OF LATEST TRANSACTION
control field 20220325085242.0
008 - FIXED-LENGTH DATA ELEMENTS--GENERAL INFORMATION
fixed length control field 220325b mx ||||| |||| 00| 0 spa d
020 ## - INTERNATIONAL STANDARD BOOK NUMBER
International Standard Book Number 9786074245400
050 04 - LIBRARY OF CONGRESS CALL NUMBER
Classification number ML410.R696
Item number O78 2015
100 1# - MAIN ENTRY--PERSONAL NAME
Personal name Ortega Noria, Silvestre
245 10 - TITLE STATEMENT
Title Policarpo :
Remainder of title una vida de penurias, romances y triunfos musicales /
Statement of responsibility, etc Maestro Silvestre Ortega Noria
250 ## - EDITION STATEMENT
Edition statement Primera edición
260 ## - PUBLICATION, DISTRIBUTION, ETC. (IMPRINT)
Place of publication, distribution, etc Morelia, Michoacán de Ocampo, México :
Name of publisher, distributor, etc Morevalladolid,
Date of publication, distribution, etc 2015
300 ## - PHYSICAL DESCRIPTION
Extent 202 páginas :
Other physical details ilustraciones ;
Dimensions 23 cm
600 17 - SUBJECT ADDED ENTRY--PERSONAL NAME
Source of heading or term lemb
Personal name Rosas, Juventino,
Dates associated with a name 1868-1894
Fuller form of name José Juventino Policarpo Rosas Cadenas
General subdivision Biografía
650 #7 - SUBJECT ADDED ENTRY--TOPICAL TERM
Source of heading or term lemb
Topical term or geographic name as entry element Compositores mexicanos
General subdivision Siglo XIX
942 ## - ADDED ENTRY ELEMENTS (KOHA)
Source of classification or shelving scheme Biblioteca del Cogreso de los Estados Unidos
Koha item type Libro
Holdings
Estado de pérdida Fuente de clasificación Estado del daño No para préstamo Ubicación permanente Ubicación actual Apartado o colección Fecha de adquisición Fuente de adquisición Edición Dependencia de educación superior (DES) Área del conocimiento Total Checkouts Clasificación Código de Barras Date last seen Número de copia Costo por reposición Tipo de recurso
  Biblioteca del Cogreso de los Estados Unidos     Biblioteca del Instituto de Investigaciones Históricas Biblioteca del Instituto de Investigaciones Históricas General 25/03/2022 Donación 1a ed. Humanidades Educación y Humanidades   ML410.R696 O78 2015 IIH000032643 25/03/2022 C:1 1.00 Libro
  Biblioteca del Cogreso de los Estados Unidos     Biblioteca del Instituto de Investigaciones Históricas Biblioteca del Instituto de Investigaciones Históricas General 25/03/2022 Donación 1a ed. Humanidades Educación y Humanidades   ML410.R696 O78 2015 IIH000032644 25/03/2022 C:2 1.00 Libro